<?xml version="1.0" encoding="UTF-8"?>
<record
    xmlns:xsi="http://www.w3.org/2001/XMLSchema-instance"
    xsi:schemaLocation="http://www.loc.gov/MARC21/slim http://www.loc.gov/standards/marcxml/schema/MARC21slim.xsd"
    xmlns="http://www.loc.gov/MARC21/slim">

  <leader>02950njm a2200505Ia 4500</leader>
  <controlfield tag="001">20769</controlfield>
  <controlfield tag="003">IT-RoPAU</controlfield>
  <controlfield tag="005">20220918181122.0</controlfield>
  <controlfield tag="008">131025s9999    xx            000 0 und d</controlfield>
  <datafield tag="040" ind1=" " ind2=" ">
    <subfield code="a">IT-RoPAU</subfield>
  </datafield>
  <datafield tag="040" ind1=" " ind2=" ">
    <subfield code="c">IT-RoPAU</subfield>
  </datafield>
  <datafield tag="041" ind1=" " ind2=" ">
    <subfield code="a">ITALIANO</subfield>
  </datafield>
  <datafield tag="999" ind1=" " ind2=" ">
    <subfield code="c">99905</subfield>
    <subfield code="d">99905</subfield>
  </datafield>
  <datafield tag="999" ind1=" " ind2=" ">
    <subfield code="b">n.d.</subfield>
  </datafield>
  <datafield tag="100" ind1=" " ind2=" ">
    <subfield code="a">AA.VV.</subfield>
    <subfield code="9">794</subfield>
  </datafield>
  <datafield tag="100" ind1=" " ind2=" ">
    <subfield code="e">Autore musica</subfield>
    <subfield code="9">3157</subfield>
  </datafield>
  <datafield tag="100" ind1=" " ind2=" ">
    <subfield code="g">Codice autore musica SPICS: 12000</subfield>
    <subfield code="9">796</subfield>
  </datafield>
  <datafield tag="245" ind1=" " ind2=" ">
    <subfield code="a">Chitarre e stornelli (disco)</subfield>
  </datafield>
  <datafield tag="250" ind1=" " ind2=" ">
    <subfield code="a">2a ed.</subfield>
  </datafield>
  <datafield tag="260" ind1=" " ind2=" ">
    <subfield code="a">MILANO</subfield>
  </datafield>
  <datafield tag="260" ind1=" " ind2=" ">
    <subfield code="b">FRATELLI FABBRI EDITORI</subfield>
    <subfield code="c">1982 [1a Ed.:1970]</subfield>
  </datafield>
  <datafield tag="300" ind1=" " ind2=" ">
    <subfield code="a">DISCO</subfield>
  </datafield>
  <datafield tag="300" ind1=" " ind2=" ">
    <subfield code="c">27 minuti (Testo:  pag.)</subfield>
  </datafield>
  <datafield tag="500" ind1=" " ind2=" ">
    <subfield code="a">La canzone italiana. Cinque temi degli anni '40. Amore, bacio, Roma, serenata, stornello.</subfield>
  </datafield>
  <datafield tag="505" ind1=" " ind2=" ">
    <subfield code="a">Chitarratella [(Ruccione/Bonagura-Boccaccini) (4:00)] - Serenata serena [(Falcocchio/Bonagura-Carboni) (4:00)] - Fiorellin del prato [(Mascheroni/Panzeri-Clerici) (4:00)] - Chitarra romana [(Di Lazzaro/Bruno-Buti) (4:00)] - Madonna fiorentina [(Bixio/Cherubini-Boccaccini) (4:00)] - ... E zitto amore [(Ruccione/Bonagura-Carboni) (4:00)] - Mattinata fiorentina [(D'Anzi/Galdieri-Rabagliati) (3:00)] - La romanina (Di Lazzaro/Micheli-Buti) (3:00)]</subfield>
  </datafield>
  <datafield tag="511" ind1=" " ind2=" ">
    <subfield code="a">Boccaccini Otello</subfield>
  </datafield>
  <datafield tag="511" ind1=" " ind2=" ">
    <subfield code="a">Carboni Oscar</subfield>
  </datafield>
  <datafield tag="511" ind1=" " ind2=" ">
    <subfield code="a">Clerici Alfredo</subfield>
  </datafield>
  <datafield tag="511" ind1=" " ind2=" ">
    <subfield code="a">Buti Carlo</subfield>
  </datafield>
  <datafield tag="511" ind1=" " ind2=" ">
    <subfield code="a">Rabagliati Alberto</subfield>
  </datafield>
  <datafield tag="650" ind1=" " ind2=" ">
    <subfield code="a">CANZONE ITALIAN [DISCHI]</subfield>
    <subfield code="e">Codice MATERIA SPICS: 9950</subfield>
    <subfield code="9">3158</subfield>
  </datafield>
  <datafield tag="700" ind1=" " ind2=" ">
    <subfield code="a">Bonagura Enzo</subfield>
    <subfield code="d">Codice autore musica SPICS: 13478</subfield>
    <subfield code="e">Autore musica</subfield>
    <subfield code="p">Chitarratella - Serenata serena - ... E zitto amore</subfield>
    <subfield code="9">3159</subfield>
  </datafield>
  <datafield tag="700" ind1=" " ind2=" ">
    <subfield code="a">Ruccione Mario</subfield>
    <subfield code="d">Codice autore testo/musica SPICS: 13479</subfield>
    <subfield code="e">Autore testo/musica</subfield>
    <subfield code="p">Chitarratella</subfield>
    <subfield code="9">3160</subfield>
  </datafield>
  <datafield tag="700" ind1=" " ind2=" ">
    <subfield code="a">Falcocchio Edoardo</subfield>
    <subfield code="d">Codice autore testo/musica SPICS: 13560</subfield>
    <subfield code="e">Autore testo/musica</subfield>
    <subfield code="p">Serenata serena</subfield>
    <subfield code="9">3161</subfield>
  </datafield>
  <datafield tag="700" ind1=" " ind2=" ">
    <subfield code="a">Panzeri Mario</subfield>
    <subfield code="d">Codice autore musica SPICS: 13372</subfield>
    <subfield code="e">Autore musica</subfield>
    <subfield code="p">Fiorellin del prato</subfield>
    <subfield code="9">3162</subfield>
  </datafield>
  <datafield tag="700" ind1=" " ind2=" ">
    <subfield code="a">Mascheroni Vittorio</subfield>
    <subfield code="d">Codice autore testo/musica SPICS: 13134</subfield>
    <subfield code="e">Autore testo/musica</subfield>
    <subfield code="p">Fiorellin del prato</subfield>
    <subfield code="9">3163</subfield>
  </datafield>
  <datafield tag="700" ind1=" " ind2=" ">
    <subfield code="a">Bruno C.</subfield>
    <subfield code="d">Codice autore musica SPICS: 13502</subfield>
    <subfield code="e">Autore musica</subfield>
    <subfield code="p">Chitarra romana</subfield>
    <subfield code="9">3164</subfield>
  </datafield>
  <datafield tag="700" ind1=" " ind2=" ">
    <subfield code="a">Di Lazzaro Eldo</subfield>
    <subfield code="d">Codice autore testo/musica SPICS: 13500</subfield>
    <subfield code="e">Autore testo/musica</subfield>
    <subfield code="p">Chitarra romana - La romanina</subfield>
    <subfield code="9">3165</subfield>
  </datafield>
  <datafield tag="700" ind1=" " ind2=" ">
    <subfield code="a">Cherubini Bixio</subfield>
    <subfield code="d">Codice autore musica SPICS: 13442</subfield>
    <subfield code="e">Autore musica</subfield>
    <subfield code="p">Madonna fiorentina</subfield>
    <subfield code="9">3166</subfield>
  </datafield>
  <datafield tag="700" ind1=" " ind2=" ">
    <subfield code="a">Bixio Cesare Andrea</subfield>
    <subfield code="d">Codice autore testo/musica SPICS: 13441</subfield>
    <subfield code="e">Autore testo/musica</subfield>
    <subfield code="p">Madonna fiorentina</subfield>
    <subfield code="9">3167</subfield>
  </datafield>
  <datafield tag="700" ind1=" " ind2=" ">
    <subfield code="a">Ruccione Mario</subfield>
    <subfield code="d">Codice autore testo/musica SPICS: 13479</subfield>
    <subfield code="e">Autore testo/musica</subfield>
    <subfield code="p">... E zitto amore</subfield>
    <subfield code="9">3168</subfield>
  </datafield>
  <datafield tag="700" ind1=" " ind2=" ">
    <subfield code="a">Galdieri Michele</subfield>
    <subfield code="d">Codice autore musica SPICS: 13370</subfield>
    <subfield code="e">Autore musica</subfield>
    <subfield code="p">Mattinata fiorentina</subfield>
    <subfield code="9">3169</subfield>
  </datafield>
  <datafield tag="700" ind1=" " ind2=" ">
    <subfield code="a">D'Anzi Giovanni</subfield>
    <subfield code="d">Codice autore testo/musica SPICS: 13458</subfield>
    <subfield code="e">Autore testo/musica</subfield>
    <subfield code="p">Mattinata fiorentina</subfield>
    <subfield code="9">3170</subfield>
  </datafield>
  <datafield tag="700" ind1=" " ind2=" ">
    <subfield code="a">Micheli Giuseppe</subfield>
    <subfield code="d">Codice autore musica SPICS: 13556</subfield>
    <subfield code="e">Autore musica</subfield>
    <subfield code="p">La romanina</subfield>
    <subfield code="9">3171</subfield>
  </datafield>
  <datafield tag="942" ind1=" " ind2=" ">
    <subfield code="c">MD</subfield>
    <subfield code="2">ddc</subfield>
  </datafield>
  <datafield tag="952" ind1=" " ind2=" ">
    <subfield code="0">0</subfield>
    <subfield code="1">0</subfield>
    <subfield code="4">0</subfield>
    <subfield code="6">20769_000000000000000</subfield>
    <subfield code="7">1</subfield>
    <subfield code="a">SPICS</subfield>
    <subfield code="b">SPICS</subfield>
    <subfield code="d">2013-10-25</subfield>
    <subfield code="l">0</subfield>
    <subfield code="o">20769</subfield>
    <subfield code="r">2013-10-25 00:00:00</subfield>
    <subfield code="w">2013-10-25</subfield>
    <subfield code="y">MD</subfield>
    <subfield code="z">Progr. Ins.: 4072 / N.Vol.: 1 / Copie: 1 - Copia rara: n.d. / date import: 01.01.2014 - By Epidotti, Trombetti, Vaglietti</subfield>
  </datafield>
</record>
